<?xml version="1.0" encoding="UTF-8"?>
<record
    xmlns:xsi="http://www.w3.org/2001/XMLSchema-instance"
    xsi:schemaLocation="http://www.loc.gov/MARC21/slim http://www.loc.gov/standards/marcxml/schema/MARC21slim.xsd"
    xmlns="http://www.loc.gov/MARC21/slim">

  <leader>00544nam a22001817a 4500</leader>
  <controlfield tag="005">20260523153803.0</controlfield>
  <controlfield tag="008">260523b        |||||||| |||| 00| 0 eng d</controlfield>
  <datafield tag="020" ind1=" " ind2=" ">
    <subfield code="a">9789394991521</subfield>
    <subfield code="c">895.00</subfield>
  </datafield>
  <datafield tag="040" ind1=" " ind2=" ">
    <subfield code="a">MAIN</subfield>
  </datafield>
  <datafield tag="041" ind1=" " ind2=" ">
    <subfield code="a">English</subfield>
  </datafield>
  <datafield tag="082" ind1=" " ind2=" ">
    <subfield code="a">294.5211</subfield>
    <subfield code="b">PAN</subfield>
  </datafield>
  <datafield tag="100" ind1=" " ind2=" ">
    <subfield code="a">Pangtey, Surendra Singh </subfield>
    <subfield code="9">11356</subfield>
  </datafield>
  <datafield tag="245" ind1=" " ind2=" ">
    <subfield code="a">Shakti Incarnat Nanda </subfield>
    <subfield code="b">: Primeval Incarnate Fierce Goddess </subfield>
  </datafield>
  <datafield tag="260" ind1=" " ind2=" ">
    <subfield code="a">Dehradun </subfield>
    <subfield code="b">Bishan Singh Mahindra Pal Singh</subfield>
    <subfield code="c">2023</subfield>
  </datafield>
  <datafield tag="300" ind1=" " ind2=" ">
    <subfield code="a">289</subfield>
  </datafield>
  <datafield tag="650" ind1=" " ind2=" ">
    <subfield code="a">Uttarakhand Collection : Himalaya Collection</subfield>
    <subfield code="9">13</subfield>
  </datafield>
  <datafield tag="942" ind1=" " ind2=" ">
    <subfield code="c">BK</subfield>
  </datafield>
  <datafield tag="999" ind1=" " ind2=" ">
    <subfield code="c">60875</subfield>
    <subfield code="d">60875</subfield>
  </datafield>
  <datafield tag="952" ind1=" " ind2=" ">
    <subfield code="0">0</subfield>
    <subfield code="1">0</subfield>
    <subfield code="2">ddc</subfield>
    <subfield code="4">0</subfield>
    <subfield code="6">294_521100000000000_PAN</subfield>
    <subfield code="7">0</subfield>
    <subfield code="9">94085</subfield>
    <subfield code="a">MAIN</subfield>
    <subfield code="b">MAIN</subfield>
    <subfield code="d">2026-05-23</subfield>
    <subfield code="o">294.5211 PAN</subfield>
    <subfield code="p">53965</subfield>
    <subfield code="r">2026-05-23</subfield>
    <subfield code="w">2026-05-23</subfield>
    <subfield code="y">BK</subfield>
  </datafield>
</record>
